000 00536nam a2200217Ia 4500
008 170918s9999 xx 000 0 und d
020 _a9780062194428
050 _bL868 2012
100 _aLore, Pittacus
245 4 _aThe rise of nine :
245 _bbook three of the Lorien legacies /
245 _cby Pittacus Lore.
250 _aFirst edition
260 _aNew York :
260 _bHarper,
260 _c2012
300 _a360 pages :
300 _billustrations ;
300 _c21cm.
300 _eI am number Four.
999 _c343592
_d343592